Medieval cosmology (Record no. 129704)
[ view plain ]
| 000 -LEADER | |
|---|---|
| fixed length control field | 01482nam a2200349 a 4500 |
| 082 04 - DEWEY DECIMAL CLASSIFICATION NUMBER | |
| Classification number | 113/.09/02 |
| 100 1# - MAIN ENTRY--AUTHOR NAME | |
| Personal name | Duhem, Pierre Maurice Marie, |
| 245 10 - TITLE STATEMENT | |
| Title | Medieval cosmology |
| 260 ## - PUBLICATION, DISTRIBUTION, ETC. (IMPRINT) | |
| Place of publication | Chicago : |
| Name of publisher | University of Chicago Press, |
| Year of publication | 1985. |
| 300 ## - PHYSICAL DESCRIPTION | |
| Number of Pages | xxxi, 601 p. |
| 505 0# - FORMATTED CONTENTS NOTE | |
| Formatted contents note | pt. 1. The two infinities -- pt. 2. Place -- pt. 3. Time -- pt. 4. Void -- pt. 5. The plurality of worlds. |
| 650 #0 - SUBJECT ADDED ENTRY--TOPICAL TERM | |
| Topical Term | Cosmology, Medieval. |
| 700 1# - ADDED ENTRY--PERSONAL NAME | |
| Personal name | Ariew, Roger. |
| 856 40 - ELECTRONIC LOCATION AND ACCESS | |
| Uniform Resource Identifier | http://site.ebrary.com/lib/rucke/Doc?id=10462228 |
No items available.
